000 00816cam a22002654a 4500
003 PILC
005 20151009091849.0
008 100713s2010 nyu 000 1 eng
010 _a2010932492
020 _a9781455500383
050 0 0 _aPS 3569.P363
_b.Sp736 2010
100 1 _aSparks, Nicholas.
245 1 0 _aSafe haven /
_cNicholas Sparks.
250 _a1st International mass market ed.
260 _aNew York :
_bGrand Central Pub.,
_c2011.
300 _a382 pages ;
_c18 cm.
500 _aOriginally published: New York, NY : Hachette Book Group, 2010.
650 0 _aYoung women
_vFiction.
650 0 _aSecrecy
_vFiction.
650 0 _aMan-woman relationships
_vFiction.
650 0 _aFamilies
_vFiction.
651 0 _aSouthport (N.C.)
_vFiction.
655 _aLove stories.
942 _2lcc
_cBK
_kFOR
999 _c288842
_d288842